|
|
|
|
| LEADER |
00000nam0a2200000 4500 |
| 001 |
357071 |
| 005 |
20231102010944.0 |
| 035 |
|
|
|a (RuTPU)RU\TPU\retro\14331
|
| 090 |
|
|
|a 357071
|
| 100 |
|
|
|a 20200728d1904 km y0rusy50 ca
|
| 101 |
0 |
|
|a rus
|
| 102 |
|
|
|a RU
|
| 105 |
|
|
|a y z 001zy
|
| 200 |
1 |
|
|a Материалы по изучению Пермского края
|e издание музея
|h Вып. 1
|f Пермский научно-промышленный музей ; под ред. П. Серебоенникова
|
| 210 |
|
|
|a Пермь
|c Типография газ. "Пермский Край"
|d 1904
|
| 215 |
|
|
|a 250 с.
|
| 300 |
|
|
|a Текст в русской дореформенной орфографии
|
| 320 |
|
|
|a Библиография в ссылках
|
| 320 |
|
|
|9 572
|a Словари: с. 181-202
|
| 606 |
1 |
|
|a Европейская часть
|x География
|y Россия
|y СССР
|2 stltpush
|3 (RuTPU)RU\TPU\subj\72195
|9 85767
|
| 610 |
1 |
|
|a Пермский край
|
| 610 |
1 |
|
|a история
|
| 610 |
1 |
|
|a геологическое изучение
|
| 610 |
1 |
|
|a физическая география
|
| 610 |
1 |
|
|a экономическая география
|
| 610 |
1 |
|
|a краеведение
|
| 610 |
1 |
|
|a краеведческие музеи
|
| 610 |
1 |
|
|a природные ресурсы
|
| 610 |
1 |
|
|a животный мир
|
| 610 |
1 |
|
|a горная промышленность
|
| 675 |
|
|
|a 91(470.3)
|v 4
|
| 702 |
|
1 |
|a Серебоенников
|b П.
|4 340
|
| 712 |
0 |
2 |
|a Пермский научно-промышленный музей
|2 stltpush
|3 (RuTPU)RU\TPU\col\27578
|
| 801 |
|
1 |
|a RU
|b 63413507
|c 20200728
|
| 801 |
|
2 |
|a RU
|b 63413507
|c 20200916
|g RCR
|
| 942 |
|
|
|c BK
|